Bharatia bhashar parichoi (Record no. 2421)
[ view plain ]
| 000 -LEADER | |
|---|---|
| fixed length control field | 00483cam a2200193ua 4500 |
| 008 - FIXED-LENGTH DATA ELEMENTS--GENERAL INFORMATION | |
| fixed length control field | 110827n ii |||gr||||Z||||||asm |
| 040 ## - CATALOGING SOURCE | |
| Transcribing agency | MAIN |
| 082 ## - DEWEY DECIMAL CLASSIFICATION NUMBER | |
| Classification number | 491 |
| 100 ## - MAIN ENTRY--PERSONAL NAME | |
| Personal name | Thakur, Nagen, |
| Relator term | |
| 245 11 - TITLE STATEMENT | |
| Title | Bharatia bhashar parichoi |
| Statement of responsibility, etc. | by Nagen Thakur |
| 250 ## - EDITION STATEMENT | |
| Edition statement | 1st. |
| 260 ## - PUBLICATION, DISTRIBUTION, ETC. | |
| Place of publication, distribution, etc. | Golaghat: |
| Name of publisher, distributor, etc. | Bharatiya book stall,983. |
| 300 ## - PHYSICAL DESCRIPTION | |
| Extent | 91p: |
| Dimensions | 23cm. |
| 942 ## - ADDED ENTRY ELEMENTS (KOHA) | |
| Koha item type | Books |
| 653 ## - INDEX TERM--UNCONTROLLED | |
| Uncontrolled term | Assamese language |
| 653 ## - INDEX TERM--UNCONTROLLED | |
| Uncontrolled term | Language |
| 653 ## - INDEX TERM--UNCONTROLLED | |
| Uncontrolled term | Bharatia bhashar parichoi |
| Withdrawn status | Lost status | Damaged status | Not for loan | Home library | Current library | Shelving location | Date acquired | Total Checkouts | Full call number | Barcode | Date last seen | Copy number | Price effective from | Koha item type |
|---|---|---|---|---|---|---|---|---|---|---|---|---|---|---|
| Central Library, Naharkatiya College | Central Library, Naharkatiya College | General Stacks | 19/09/2020 | 491 | THA | 7905 | 19/09/2020 | 1 | 19/09/2020 | Books | |||||
| Central Library, Naharkatiya College | Central Library, Naharkatiya College | General Stacks | 19/09/2020 | 491 | THA | 8230 | 19/09/2020 | 3 | 19/09/2020 | Books | |||||
| Central Library, Naharkatiya College | Central Library, Naharkatiya College | General Stacks | 19/09/2020 | 481 | THA | 8231 | 19/09/2020 | 2 | 19/09/2020 | Books |
